[Event "Gashimov Memorial-A 1st"]
[Site "Shamkir"]
[Date "2014.04.24"]
[Round "5"]
[White "Carlsen, Magnus"]
[Black "Radjabov, Teimour"]
[Result "0-1"]
[WhiteElo "2881"]
[BlackElo "2713"]
[Annotator "Radjabov,T"]
[PlyCount "102"]
[EventDate "2014.04.20"]
[EventType "tourn"]
[EventRounds "10"]
[EventCountry "AZE"]
[EventCategory "22"]
[SourceTitle "CBM 160"]
[Source "ChessBase"]
[SourceDate "2014.05.15"]
[SourceVersion "1"]
[SourceVersionDate "2014.05.15"]
[SourceQuality "1"]

{5th round of the Shamkir Chess 2014, Vugar Gashimov's memorial. We were in
different tournament situations, I was on 50 percent, Magnus was at +1 after
he lost to Caruana before this game with Black. Certainly an interesting fight
was ahead! It's always interesting to play against the World Champion and I
have enjoyed this fight.} 1. d4 Nf6 2. c4 g6 3. Nc3 Bg7 4. e4 d6 {King's
Indian Defence. No comments.} 5. Nge2 O-O 6. Ng3 {There are so many moves and
plans in the opening phase, but annotating the game and working on chess ECO
is quite different. I will not get far in theoretical debris but will show few
most recent examples here:} e5 (6... h5 7. Be2 a6 (7... Nbd7 8. Be3 e5 9. d5 a5
10. a3 Nc5 11. h4 Ng4 {which is a bit similiar to our game in Nabaty-Smirin
Skopje 2013, which ended in a draw.}) 8. O-O c5 9. d5 e5 {with a real mix of
all the possible plans in Bologan-Mamedov, 2014 Euro Cup Rhodes, ended in a
draw.}) 7. d5 a5 8. Be2 Na6 9. h4 {It's not as agressive as it looks, only if
Black allows h5 it becomes a kind of tactical and offensive approach, in
general it's more a positional move to play Bg5 after h5 and get Qd2-0-0-0
faster.} h5 (9... c6 10. h5 cxd5 11. cxd5 Nc5 12. Be3 Qb6 {It was played in
Lutz-Gelfand, Horgen 1994. Gelfand won this game. Lutz never castled and tried
a Nf1-d2 plan, which is going nowhere as after Nc4 Black may just go back to
c7 threatening ...b5 later on. The Computer suggests to change directions here
and go for 0-0 h6-Qd2 and playing on the queenside. Claims White is better but
it's far from obvious for a practical game.} 13. O-O Bd7 14. h6 Bh8 15. Qd2 a4
16. f3 Rfc8 {with mutual chances!}) 10. Bg5 Qe8 (10... Nc5 $6 11. Bxh5 gxh5 12.
Nxh5 Ncd7 {To be honest I didn't even consider this. Too beautiful.} 13. Nxg7
Kxg7 14. f4 $36) 11. Qd2 Nc5 (11... Nh7 $5 12. Be3 Qe7 (12... f5 $2 13. exf5
gxf5 14. Bxh5 Qd7 15. f4 {and there is no way to have counterplay here, White
is too solid}) 13. Nf1 f5 14. exf5 gxf5 15. Bg5 Nxg5 16. Qxg5 Qxg5 17. hxg5 a4
{and I am sure Black has strong compensation for the pawn on the h-file.}) 12.
O-O-O (12. Nb5 {Computer's suggestion that I saw during the game, as if the
queen goes to d8 there are some Bxh5 in the air. Black can just defend the
pawn with some ...Qd7 or other move. But...} Ncxe4 13. Nxe4 Nxe4 14. Qe3 Nxg5
15. Nxc7 Qa4 16. Nxa8 Qb4+ 17. Qd2 Qxd2+ 18. Kxd2 Ne4+ 19. Ke1 Nc5 $44 {
and I would prefer to play with Black here.}) (12. f3 {is probably the most
natural instead of 0-0-0, not to allow ...Ng4 move.} Nh7 $5 13. Be3 b6 14. Bd3
f5 $132) 12... Ng4 $1 {Important move, now White has to change his e2-bishop
for the knight.} 13. Bxg4 (13. Rdf1 f6 {and White will eventually play Bxg4
anyway. Even though after Bxg4 for White here, Black has ...fxg5!? besides
taking on g4 with the c8-bishop.}) (13. Qe1 f6 14. Bd2 Bh6 {is quite OK for
Black.}) 13... Bxg4 14. f3 (14. Rdf1 Bd7 {and the rook is far from defending
its monarch! ...b5 is coming!}) 14... Bd7 15. Be3 b6 (15... b5 16. cxb5 Bxb5
17. Bxc5 dxc5 18. Nf1 {I didnt like this position that much, g4 is coming
somewhere and I am not sure how to organize direct threats on the b-line.}) 16.
Kb1 Kh7 (16... f5 {was already possible here, I wanted to wait for Nge2 first
as it looked to me that White doesn't have any improving ideas} 17. exf5 gxf5)
17. Qc2 a4 (17... Bh6 {this is ok, but I didn't want to allow any Bxc5-a4 ideas
} 18. Bxc5 bxc5 19. a4 {and even though I was sure that Black is ok, I didn't
like to allow a4-Nb5 here with pressure on a5 later on.}) 18. Nge2 f5 19. exf5
gxf5 (19... Bxf5 {I thought it's about equal and gxf5 is more fighting} 20. Ne4
Nxe4 21. fxe4 Bg4 22. Rdf1 a3 {Black is even slightly better here, but draw is
the most normal outcome.}) 20. Rh3 {The rook looks a bit naive on this square
with f3-Be3 standing, nevertheless the threat is clear Rg3-g5, sometimes with
ideas of eleminating the g7-bishop.} Kh8 $1 {Fighting against the Rg3-move, ...
f4 is threatening now with ...Bf5 idea, White had to do something, otherwise
Rhh1 is the only option.} 21. f4 {The most logical reaction, playing Rhh1
looked awful, now the rook is heading to g5 again after Rg3 if Black is not
taking measures!} Ne4 $5 {Good move, preventing Rg3, now ...Qg6 is coming next
and the bad position of White's pieces starts to tell, but including ...a3 was
even better.} (21... a3 $1 22. b3 Ne4 {All the ensuing complications like in
the game, are better with the a3-pawn creating new threats to White's king.})
22. Nxe4 {Carlsen is not going to passively wait here, he prepares an exchange
sacrifice with great complications where Black's weak king may become an
important factor as I was already running short on time.} (22. Rf3 a3 23. b3
Qg6 24. g3 {was possible to try some kind of fortress, even though Black may
slighly improve the position of his pieces and it's not sure what White wil do
next.}) 22... fxe4 23. Rg3 Bg4 24. Rxg4 $8 hxg4 25. f5 Rxf5 26. Ng3 Rf8 27.
Qxe4 {White has blocked all the center, h5-h6 is coming, I considered ...Rf4
somewhere to open up the g7-bishop, but it didn't seem to offer winning
chances.} Qd7 (27... a3 {This is always good, there was no need to wait with
this move, mating ideas are always there around White's king after a3.} 28. b3
Rf7 $1 {I have tried to figure out how to bring my queen to h7, I was mostly
considering Qf7-Bf6 or Qf7-Qg8-h7, but this neat way is also very nice
especially having ...a3 already played!} 29. Qxg4 Qg8 30. Ne4 Qh7 {Now ...Rf4
is in the air, Black is just winning.} 31. Re1 (31. Kc1 Rf4 $3 32. Bxf4 Qxe4
33. Qh5+ Kg8 34. Bg5 Rf8 $19) 31... Bf6 $19 {and when the a-rook joins the
party, White is helpless.}) 28. a3 {White is trying to hide his king on a2 and
profit from Black's king position with h5-h6.} (28. h5 a3 {then ...Bf6, we saw
it above.}) 28... b5 $1 {Very strong move, Magnus said on the press conference
that he thought that the compensation is very strong for White, but after this
move the position started to be really shaky for White.} 29. c5 (29. cxb5 Qxb5
30. Qg6 Rab8 31. Rd2 e4 32. Qh5+ Kg8 33. Qg6 Rf6 {and Rbf8 or ...Qb3, White's
king is too weak now!}) 29... dxc5 $1 {Two very important moves starting from
b5!, now lines are open for Black's rooks and they developing a strong play
against White's king.} 30. h5 c4 (30... Ra6 {I thought about this, but ...c4
looks much stronger to me now too after checking it back home.}) 31. h6 (31.
Ka2 {This was interesting, finally revealing the idea of a3!, but White is
still in trouble after} Rae8 32. h6 Bf6 {even though White have had to choose
this option, his position falls apart anyway as ...Qh7 and ...c3 is a real
threat.} 33. Nh5 Qh7 34. Qxg4 c3 35. Bc1 Qg8 $17) 31... Bf6 32. Bc5 Rf7 (32...
Qh7 $6 {Trying to release the tension and White's pressure on Black's king
wouldn't work due to} 33. Bxf8 Qxe4+ 34. Nxe4 Rxf8 35. Rf1 $11) 33. Rf1 (33.
Nh5 Rg8 $19) 33... Re8 $1 {This simple move is very important, otherwise Nh5
could be really dangerous, Pe5 is protected and Black can regroup with Bg5-f4
or Bd8.} 34. Bb4 {There is no good advice for White here, the position is
already lost.} (34. Qg6 Qxd5 35. Rxf6 Qd1+ 36. Ka2 Qb3+ 37. Kb1 c3 $3 {It wins
according to the computer, but I didn't see the exact path after} (37... Rd8
38. Rd6 Rdf8 {I saw only this idea} 39. Rf6 c3 40. Rf2 Qd1+ 41. Ka2 cxb2 {
and Black is winning}) 38. Rf2 Rd8 (38... Qd1+ 39. Ka2 b4 $3 {This is even
simplier according to the engine. As now if the bishop takes on b4, White is
unable to defend against ...Rd8 with Be3-c1!} (39... cxb2 $4 40. Rxb2 Qd5+ 41.
Ka1 $11 {and compared to the line with Rdf8, the rook on f7 is hanging}) 40.
Bxb4 Qb3+ 41. Kb1 Rd8 $19) 39. Be3 Rd1+ 40. Bc1 b4 $19) 34... Bg5 {I had
around 1 minute here, but I was able to calculate all of my next moves and
Magnus's ideas. ...c6 is a very important finesse.} 35. Nf5 {Otherwise Black
plays Bf4 anyway.} c6 $1 {Killing move,black is completely winning} (35... Bf4
36. Nh4 {and things are very complicated again!}) 36. Bd6 (36. d6 Ref8 $19 {
the diagonal a3-f8 is blocked, Black is a rook up now.}) 36... Bf4 37. Ng7 (37.
Rxf4 exf4 38. Be5+ Rxe5 39. Qxe5+ Kh7 40. Nd6 cxd5 $19) 37... Qxd6 38. Nxe8
Qxd5 {Everything is forced here.} 39. Qxd5 cxd5 40. g3 Kh7 $1 {My first
intention having few seconds, was to play ...Re7 here, which was also good,
but ...Kh7 seemed to be a more clear cut win.} (40... Re7 41. Nf6 {with few
more tricks in the air as after} Bxh6 42. Rh1 (42. Nxd5 Rd7 {and I wasn't sure
if it's that easy to win as Pb5 is too weak, even though Black is objectively
winning here too}) 42... Kg7 43. Rxh6 Re6 $1 {You have to see this move from
far.}) 41. gxf4 (41. Nd6 Rd7 42. Nxb5 Bxg3 {Black has too many pawns, the
d-pawn is promoted very fast.}) 41... exf4 42. Nd6 {Otherwise pawns are going
forward without any obstacles.} Rf6 43. Nxb5 {It took me some time here, to
understand which pawn push is better, finally it seems to make no real
difference, which pawn moves leading to a win.} f3 (43... g3 44. Nd4 Kxh6 45.
Kc2 Kh5 46. Nf3 Kg4 47. Ne5+ Kh3 $19) 44. Nd4 Kxh6 (44... Rf4 45. Ne6 Re4 $2
46. Ng5+ Kxh6 47. Nxf3 gxf3 48. Rxf3 {and I don't see how Black can win this
endgame.} Kg5 49. Rf8 d4 50. Kc1 d3 51. Kd1 Re2 52. Rg8+ $11) 45. Kc2 Kg5 {
The king helps to march with f- and g-pawns, White can do nothing here.} 46.
Kd2 f2 47. Ne2 Rf3 48. Kc2 Kh4 49. Rh1+ (49. Nd4 Rf6 $19) 49... Rh3 50. Rf1 g3
51. Kd2 Kg4 {Carlsen resigned as the black king comes to f3 and g2. I am happy
about my play in the zeitnot part and in the middlegame around move 30-40 in
time scramble I was able to find all the best moves. I hope that this
tournament becomes traditional and I'm very thankful to both players and
organisers for the perfect tournament.} 0-1

[Event "Gashimov Memorial-A 1st"]
[Site "Shamkir"]
[Date "2014.04.26"]
[Round "6"]
[White "Radjabov, Teimour"]
[Black "Karjakin, Sergey"]
[Result "1/2-1/2"]
[WhiteElo "2713"]
[BlackElo "2772"]
[PlyCount "95"]
[EventDate "2014.04.20"]
[EventType "tourn"]
[EventRounds "10"]
[EventCountry "AZE"]
[EventCategory "22"]
[SourceTitle "CBM 160"]
[Source "ChessBase"]
[SourceDate "2014.05.15"]
[SourceVersion "1"]
[SourceVersionDate "2014.05.15"]
[SourceQuality "1"]

1. e4 e5 2. Nf3 Nc6 3. Bc4 Bc5 4. c3 Nf6 5. d3 O-O 6. Nbd2 d6 7. Bb3 Re8 8. O-O
a6 9. Re1 h6 10. Nf1 Ba7 11. Ng3 Be6 12. Bxe6 Rxe6 13. d4 d5 14. Nxe5 Nxe5 15.
dxe5 Nxe4 16. Nxe4 dxe4 17. Bf4 Qd3 18. Qa4 Qb5 19. Qxb5 axb5 20. h4 e3 21.
Bxe3 Rxe5 22. Bxa7 Rxe1+ 23. Rxe1 Rxa7 24. Re8+ Kh7 25. a3 c5 26. Re7 Kg6 27.
g3 Kf6 28. Rc7 b4 29. cxb4 cxb4 30. axb4 Ra2 31. Rxb7 Rxb2 32. Kg2 g5 33. Rb6+
Kg7 34. h5 g4 35. Kf1 Kg8 36. b5 Kg7 37. Rb8 Kf6 38. b6 Kg5 39. Ke1 Kxh5 40. b7
f5 41. Kd1 Rb1+ 42. Ke2 Rb2+ 43. Kd3 Rb3+ 44. Kd4 Rb4+ 45. Kd5 Rb2 46. Ke6 Rb6+
47. Kxf5 Rxb7 48. Rxb7 1/2-1/2

[Event "Gashimov Memorial-A 1st"]
[Site "Shamkir"]
[Date "2014.04.28"]
[Round "8"]
[White "Caruana, Fabiano"]
[Black "Radjabov, Teimour"]
[Result "1-0"]
[WhiteElo "2783"]
[BlackElo "2713"]
[Annotator "Szabo,Kr"]
[PlyCount "103"]
[EventDate "2014.04.20"]
[EventType "tourn"]
[EventRounds "10"]
[EventCountry "AZE"]
[EventCategory "22"]
[SourceTitle "CBM 160"]
[Source "ChessBase"]
[SourceDate "2014.05.15"]
[SourceVersion "1"]
[SourceVersionDate "2014.05.15"]
[SourceQuality "1"]

1. d4 Nf6 2. c4 g6 3. Nc3 Bg7 {The King's Indian is one of the main weapons of
Radjabov.} 4. e4 d6 5. Nf3 O-O 6. Be2 e5 7. Be3 Ng4 8. Bg5 f6 9. Bh4 Nc6 (9...
g5 10. Bg3 Nh6 {is also very popular.}) 10. d5 Ne7 11. Nd2 f5 (11... Nh6 {
is the common main line.}) 12. Bxg4 fxg4 13. Bg5 {Important, otherwise h6.} h6
14. Be3 c5 15. dxc6 bxc6 16. b4 d5 $146 {A novelty by Radjabov.} ({A few month
ago} 16... Be6 {was tried} 17. O-O g5 18. b5 Qd7 19. bxc6 Nxc6 20. Nd5 Rab8 21.
Nb3 a5 22. a4 Rb7 23. c5 Rfb8 $13 {with an unclear fight, Van Wely-Rapport,
Wijk aan Zee 2014.}) 17. exd5 cxd5 18. Bc5 e4 {A logical decision. Black opens
the long diagonal for his B, on the other hand, this was also a risky choice.}
(18... d4 19. Nce4 Be6) 19. Bxe7 {A very ambitious move. Caruana sacrifices an
exchange and he will have very active pieces.} Qxe7 20. Nxd5 Qf7 21. O-O Bxa1
22. Qxa1 {A very interesting position. Black is an exchange up, but he gives
up his important dark-squared B and White has a great d5N too.} Bf5 23. Ne3 {
At first sight this is a slightly strange idea, because the strong d5N is
coming back. On the other hand, White would like to activate his another N
from b3, but the immediate} (23. Nb3 $2 {could have been met by} Be6 $1 $17 {
and White is in big trouble.}) 23... Rad8 24. Nb3 Be6 25. Qc1 h5 26. Nc5 Rd4
27. Qc3 Rxc4 {Radjabov gives back the exchange, because White's pieces are too
active. Moreover the R cannot now be taken.} 28. Qb2 ({Of course} 28. Nxc4 $2 {
is not working, because of} Bxc4 $19 {and Black is better, as the f1 R can't
move.}) 28... Rxc5 29. bxc5 Bxa2 30. g3 {A logical practical move, White opens
his back rank. On the other hand} (30. Ra1 {was slightly more accurate} Be6 31.
Ra6 {and White immediately activates his R.}) 30... Be6 31. Ra1 Kh7 $6 {
A small inaccuracy.} (31... Qg7 $1 {was better,} 32. Qb1 Qf6 33. Qe1 Rc8 34.
Rxa7 Rxc5 $13 {and Black hasn't got any problem.}) 32. Ra4 Qg7 33. Qd2 Rf7 34.
c6 Qe5 35. Ra5 Qc7 36. Qc3 $1 {White is threatening to play with Re5.} Qd6 37.
Rb5 ({Now} 37. Re5 $6 {is dubious, because} Rc7 38. Rc5 Bf7) 37... Bc8 38. Qc2
a6 $6 (38... Rc7 $1 {was the exact reply,} 39. Qxe4 Kg7 $1 {and after this
cool-blooded move, Black is fine.}) 39. Rd5 Qf6 40. c7 {The critical point of
the game.} Rf8 $2 {A decisive mistake, probably in time trouble.} (40... Qg7 {
was better} 41. Rc5 (41. Qxe4 Qa1+ 42. Kg2 Qc3 {is transposing to 40...Qa1.})
41... a5 {and}) ({or} 40... Qa1+ 41. Kg2 Qg7 $1 {It is very important to
attack the c7 P!} 42. Rc5 (42. Qxe4 Qc3 $1 (42... Rxc7 $2 {is losing, as} 43.
Rxh5+ $18) 43. Rxh5+ Kg7 {and Black hasn't got any problem.}) 42... a5 43. Qxe4
Rxf2+ $1 {This is the point of 40...Qa1!} 44. Kxf2 Qf8+ $11 {and Black can
hold his position.}) 41. Qd2 $1 $18 {A very strong move! Now the c7 P is not
hanging, so Caruana immediately improves his Q's position. Black is in a big
trouble.} Qf7 42. Rd8 Kg8 43. Qd5 Kg7 44. Qd4+ Kh6 45. Nc4 Be6 46. Qc5 Rg8 47.
c8=Q {The practical solution.} (47. Nd2 $18 {was also nice.}) 47... Bxc8 48.
Rxc8 Rxc8 49. Qxc8 Qd5 50. Ne3 Qd3 51. Qh8+ Kg5 52. Qf8 {and Black can't avoid
the mate. A great win by Caruana!} 1-0

[Event "Gashimov Memorial-A 1st"]
[Site "Shamkir"]
[Date "2014.04.29"]
[Round "9"]
[White "Radjabov, Teimour"]
[Black "Carlsen, Magnus"]
[Result "1/2-1/2"]
[WhiteElo "2713"]
[BlackElo "2881"]
[PlyCount "201"]
[EventDate "2014.04.20"]
[EventType "tourn"]
[EventRounds "10"]
[EventCountry "AZE"]
[EventCategory "22"]
[SourceTitle "CBM 160"]
[Source "ChessBase"]
[SourceDate "2014.05.15"]
[SourceVersion "1"]
[SourceVersionDate "2014.05.15"]
[SourceQuality "1"]

1. e4 e5 2. Nf3 Nc6 3. Bb5 a6 4. Ba4 Nf6 5. O-O Be7 6. Re1 b5 7. Bb3 d6 8. c3
O-O 9. h3 Bb7 10. d4 Re8 11. Nbd2 Bf8 12. a3 h6 13. Bc2 Nb8 14. b3 Nbd7 15. Bb2
Rb8 16. a4 c5 17. d5 Bc8 18. axb5 axb5 19. Bd3 Nh5 20. Bf1 Ndf6 21. Ra7 Nf4 22.
Qa1 Ng6 23. Qa5 Qxa5 24. Rxa5 Bd7 25. Rea1 Rb7 26. Ne1 Reb8 27. Nc2 Ne8 28. Ra8
Rxa8 29. Rxa8 Nc7 30. Ra5 Be7 31. c4 Bg5 32. Ne3 Bxe3 33. fxe3 b4 34. Bd3 Kf8
35. Kh2 Ke7 36. Nf3 Rb8 37. Ra7 Kd8 38. Bc1 Ra8 39. Rxa8+ Nxa8 40. Bd2 Nc7 41.
Be1 Ne8 42. Nd2 Nf6 43. Bc2 Nf8 44. Bd3 Ke7 45. Bc2 N8h7 46. Nf1 Kf8 47. Bf2 g6
48. Be1 Kg7 49. Bf2 h5 50. Be1 Ng8 51. Bf2 Nh6 52. Nd2 g5 53. g3 Nf6 54. Kg2
Nhg8 55. Bd3 Ne7 56. Be2 Ng6 57. Bd1 Kh6 58. Be2 Ne7 59. Bd1 Kg6 60. Be2 Neg8
61. Bd1 Nh6 62. Be2 Nhg8 63. Bd1 Ne7 64. Be2 Nc8 65. Bd1 Nb6 66. Be1 Ng8 67.
Bf2 Nh6 68. Be1 f6 69. Bf2 Nf7 70. g4 hxg4 71. hxg4 Nd8 72. Nf1 Nb7 73. Ng3 Na5
74. Nf5 Nb7 75. Kf1 Kf7 76. Ke2 Bc8 77. Kd3 Ke8 78. Ng3 Na5 79. Nf1 Kd8 80. Nd2
Kc7 81. Kc2 Bd7 82. Be2 Nc8 83. Nf1 Ne7 84. Ng3 Ng8 85. Nf5 Bxf5 86. exf5 e4
87. Bg3 Nh6 88. Bd1 Kd7 89. Be2 Ke7 90. Bd1 Nb7 91. Kd2 Nd8 92. Ke1 Ndf7 93.
Kf2 Ne5 94. Bxe5 fxe5 95. Be2 Ng8 96. Ke1 Nf6 97. Kd2 Kf8 98. Ke1 Ke7 99. Kd2
Kf8 100. Ke1 Ke7 101. Kd2 1/2-1/2

[Event "Wch Rapid"]
[Site "Dubai"]
[Date "2014.06.16"]
[Round "4"]
[White "Radjabov, Teimour"]
[Black "Salgado Lopez, Ivan"]
[Result "1-0"]
[WhiteElo "2724"]
[BlackElo "2622"]
[PlyCount "22"]
[EventDate "2014.06.16"]
[EventType "swiss (rapid)"]
[EventRounds "15"]
[EventCountry "UAE"]
[SourceTitle "CBM 160 Extra"]
[Source "ChessBase"]
[SourceDate "2014.07.01"]
[SourceVersion "1"]
[SourceVersionDate "2014.07.01"]
[SourceQuality "1"]

1. d4 Nf6 2. c4 g6 3. Nc3 d5 4. cxd5 Nxd5 5. e4 Nxc3 6. bxc3 Bg7 7. Nf3 c5 8.
Rb1 O-O 9. Be2 Nc6 10. d5 Ne5 11. Nxe5 Bxe5 1-0

[Event "Wch Blitz 8th"]
[Site "Dubai"]
[Date "2014.06.19"]
[Round "1"]
[White "Bartel, Mateusz"]
[Black "Radjabov, Teimour"]
[Result "1/2-1/2"]
[WhiteElo "2641"]
[BlackElo "2724"]
[PlyCount "64"]
[EventDate "2014.06.19"]
[EventType "swiss (blitz)"]
[EventRounds "21"]
[EventCountry "UAE"]
[SourceTitle "CBM 160 Extra"]
[Source "ChessBase"]
[SourceDate "2014.07.01"]
[SourceVersion "1"]
[SourceVersionDate "2014.07.01"]
[SourceQuality "1"]

1. d4 Nf6 2. Bg5 d5 3. e3 Ne4 4. Bf4 c5 5. c3 Nc6 6. Nd2 Nf6 7. Bd3 Bg4 8. Ngf3
e6 9. Qa4 Nd7 10. O-O Be7 11. Ne5 Ndxe5 12. Bxe5 O-O 13. Bg3 Bh5 14. dxc5 Bxc5
15. Qc2 Bg6 16. Nb3 Bb6 17. Rad1 Bxd3 18. Qxd3 Qe7 19. e4 Rad8 20. e5 f5 21.
exf6 Qxf6 22. Kh1 e5 23. f3 Kh8 24. Qb5 Qf7 25. Rfe1 Rfe8 26. Nc5 h6 27. Na4
Ba5 28. Nc5 Bb6 29. Na4 Ba5 30. Nc5 Bb6 31. Na4 Ba5 32. Nc5 Bb6 1/2-1/2

[Event "Wch Blitz 8th"]
[Site "Dubai"]
[Date "2014.06.19"]
[Round "2"]
[White "Radjabov, Teimour"]
[Black "Matlakov, Maxim"]
[Result "1-0"]
[WhiteElo "2724"]
[BlackElo "2689"]
[PlyCount "144"]
[EventDate "2014.06.19"]
[EventType "swiss (blitz)"]
[EventRounds "21"]
[EventCountry "UAE"]
[SourceTitle "CBM 160 Extra"]
[Source "ChessBase"]
[SourceDate "2014.07.01"]
[SourceVersion "1"]
[SourceVersionDate "2014.07.01"]
[SourceQuality "1"]

1. d4 d5 2. Nf3 Nf6 3. Bf4 c5 4. e3 Nc6 5. c3 cxd4 6. exd4 Bg4 7. Nbd2 e6 8.
Bd3 Bd6 9. Bg5 Be7 10. O-O O-O 11. Re1 Bh5 12. Qe2 Qc7 13. Bh4 a6 14. a4 Rab8
15. h3 Rfe8 16. Qe3 Bg6 17. Bxg6 hxg6 18. Bg3 Bd6 19. Ne5 Bxe5 20. dxe5 Nd7 21.
Nf3 Ne7 22. Bh2 Qc4 23. g4 b5 24. axb5 Rxb5 25. b4 Ra8 26. Ng5 Nc6 27. Qf3 Nd8
28. Re3 a5 29. bxa5 Raxa5 30. Rae1 Ra2 31. h4 Ra4 32. Bg3 Qxg4 33. Qxg4 Rxg4
34. f4 f6 35. exf6 gxf6 36. Nh3 Nc5 37. Nf2 Rxg3+ 38. Rxg3 Kf7 39. Re2 Nc6 40.
Kg2 Ne7 41. Rh3 Nf5 42. Ra2 Rb7 43. h5 gxh5 44. Rxh5 Kg6 45. Rh3 Rc7 46. Ra8
Rg7 47. Kf3 Nb3 48. Rh1 Nd2+ 49. Ke2 Ng3+ 50. Kxd2 Nxh1 51. Nxh1 Kf5 52. Ke3
Rg4 53. Rf8 Rg1 54. Rh8 Rc1 55. Ng3+ Kg6 56. Ne2 Rc2 57. Re8 Kf7 58. Rc8 Ra2
59. Rd8 Ra3 60. Rc8 Ra1 61. Nd4 Re1+ 62. Kf2 Re4 63. Kf3 e5 64. Rc7+ Kg6 65.
fxe5 fxe5 66. Nc6 Kf6 67. Nb4 Ke6 68. Rc6+ Kd7 69. Nxd5 Re1 70. Ra6 Rd1 71. Ke4
Re1+ 72. Ne3 Rc1 1-0